Rozpis súťaží riadených SZĽH 2001/2002

Bibliographic Details
Corporate Author: Slovenský zväz ľadového hokeja (vyd)
Other Authors: Fekete, Ladislav (Compiler), Nižňanský, Štefan (Compiler), Remžík, Pavol (Compiler), Pospíšil, Peter, 1944-2006 (fot), Súkup, Ján, 1950- (fot)
Format: Book
Language:Slovak
PhysicalDescription:176 s. fotogr., rekl. 21 cm
Published: Bratislava Šport Press 2001
ISBN:8085742195
Subjects:

MARC

LEADER 00000nam a2200000 a 4500
001 vtls001426414
003 SK-MaSNL
005 20260302072533.0
008 160415s2001 xo ab r y 0 slo
015 |a SNBE2002/01-00457 
020 |a 8085742195 
035 |a SNK000381351 
040 |a SNK  |b slo  |c SNK  |e AACR2 
041 0 |a slo 
044 |a xo  |c SK 
080 |a 796.966.063(083.97)"2001/2002"  |2 1981 
245 1 |a Rozpis súťaží riadených SZĽH 2001/2002  |c zostavili: Ladislav Fekete, Štefan Nižňanský, Pavol Remžík ; fotografie: Peter Pospíšil, Ján Súkup 
260 |a Bratislava  |b Šport Press  |c 2001 
300 |a 176 s.  |b fotogr., rekl.  |c 21 cm 
500 |a Vydané pre Slovenský zväz ľadového hokeja 
610 0 7 |a Slovenský zväz ľadového hokeja  |a Bratislava, Slovensko  |x rozpis súťaží  |y sezóna 2001-2002  |x programy športové  |2 SNK  |9 735814 
611 1 7 |a Slovenský zväz ľadového hokeja  |a Bratislava, Slovensko  |x rozpis súťaží  |y sezóna 2001-2002  |x programy športové  |2 SNK  |9 735815 
650 0 7 |a hokej ľadový  |x rozpis súťaží  |y sezóna 2001-2002  |x programy športové  |2 SNK  |9 735816 
655 7 |a športové programy  |2 SNK  |9 70529 
700 1 |a Fekete, Ladislav  |4 com  |9 319665 
700 1 |a Nižňanský, Štefan  |4 com  |9 339533 
700 1 |a Remžík, Pavol  |4 com  |9 392107 
700 1 |a Pospíšil, Peter,  |d 1944-2006  |4 fot  |9 189257 
700 1 |a Súkup, Ján,  |d 1950-  |4 fot  |9 115579 
710 0 |a Slovenský zväz ľadového hokeja  |4 vyd  |9 35160 
919 |a 80-85742-19-5 
958 |a TL 
999 |c 1156913  |d 1158843 
952 |t P60, <03>, [BOOK], {603}  |a SNK  |b SNK  |y PREZ  |7 0  |p 17A0326892  |o snkOSC 21493  |i snkKSP 211/2002  |0 0  |1 0  |4 0  |d 2002-01-08  |l 0  |r 2005-01-02 00:00:00  |w 2026-02-24 
952 |t P60, <04>, [BOOK], {604}  |a SNK  |b SNK  |y VYP  |7 0  |p 17A0326893  |o snkOSC 21493 D1  |i snkKSP 212/2002  |0 0  |1 0  |4 0  |d 2002-01-08  |l 0  |r 2005-01-02 00:00:00  |w 2026-02-24